Basic first aid

The Basic First Aid is the go-to reference for emergencies that no home will want to be without. Full of practical, clear, and easy-to-understand advice, this resource ensures that every household is prepared for any type of medical situation. Includes line drawings and instructions to help people t...

Полное описание

Сохранить в:
Библиографические подробности
Соавтор: National Safety Council
Формат:
Язык:Undetermined
Опубликовано: Boston McGraw-Hill Higher Education 2005
Предметы:
Метки: Добавить метку
Нет меток, Требуется 1-ая метка записи!
Thư viện lưu trữ: Trung tâm Học liệu Trường Đại học Cần Thơ
LEADER 01005nam a2200205Ia 4500
001 CTU_138090
008 210402s9999 xx 000 0 und d
020 |c 5.75 
082 |a 616.0252 
082 |b N277 
110 |a National Safety Council 
245 0 |a Basic first aid 
245 0 |c National Safety Council 
260 |a Boston 
260 |b McGraw-Hill Higher Education 
260 |c 2005 
520 |a The Basic First Aid is the go-to reference for emergencies that no home will want to be without. Full of practical, clear, and easy-to-understand advice, this resource ensures that every household is prepared for any type of medical situation. Includes line drawings and instructions to help people through emergency situations, as well as a medical information chart that everyone should have on hand. 
650 |a First aid in illness and injury,Sơ cứu bệnh tật và chấn thương 
904 |i Bạch Trúc 
980 |a Trung tâm Học liệu Trường Đại học Cần Thơ